Language Quiz

Random Language or Quote Quiz

Yogi-isms Quiz Stats

 Plays Quiz not verified by Sporcle

Support Sporcle.
Go Orange.
Score 0/26 Timer 06:00
0 Plays Today
situation/quote missing word(s) % Correct
'If you don't go to other people's funerals, they won't _____________________.' (3)come to yours
85.4%
'It's deja vu _______________________.'(3)all over again.
83.3%
I usually take a ____________ hour nap from one to four.' two
79.2%
'It ain't over til _______________. (2)it's over
79.2%
(To the mayor's wife who on an unusually hot day noted that Yogi looked like he was cool in his baseball uniform.) 'Well, you don't look _____________ either.' (2)too hot
72.9%
'You can observe a lot by _____________.'watching
70.8%
(Seeing the stadium shadows start to cover an opponent's new baseball field.) 'It gets late __________ out here.'early
70.8%
(Telling players to work in groups of 3 at spring training) '___________ up in threes.'Pair
66.7%
(Giving telephone directions to his house.) 'When you come to a fork in the road; ___________.'(2)take it
64.6%
'I knew that record would stand until ____________________.' (3)it was broken
64.6%
(When a teammate suggested a place to meet after the game.) 'Nobody goes there anymore; it's ____________.' (2).too crowded
62.5%
Teammate: Hey, Yogi. What time is it? Yogi: 'You mean ____________?'now
62.5%
(Telling about attending a White House dinner.) It was hard to have a conservation in there because everybody was __________________.'talking
62.5%
situation/quote missing word(s) % Correct
'We lost the game because we made too many wrong ________________ .'mistakes
60.4%
(To a sports journalist) 'If you ask me a question I dont know, I'm not going to _________________.' (2)answer it
60.4%
(On being apologized to for a middle-of-the-night phone call.) 'It's ok, I had to get up to ____________________ anyway.' (3)answer the phone
58.3%
'We came into the 1969 World Series as the overwhelming ___________________.'underdogs
54.2%
'90% of baseball is ______________ mental.'half
54.2%
'I really didnt say everything_______________. (2)I said
50%
'Steve McQueen looks good in this movie. He musta made it before_________________ '(2)he died
45.8%
'The ____________ ain't what it used to be.'future
33.3%
'If people don't wanna come out to the ball park, nobody's gonna _____________ them.'stop
31.3%
'If the world were perfect, it ______________(2).'wouldn't be
22.9%
(In his Yogi Berra Day speech) 'I want to thank you all for making this day ________________.'necessary
20.8%
'I never answer an _______________letter.'anonymous
16.7%
(Mixing up his similies in an embarrassing situation) 'I'm as red as a _______________.' sheet
12.5%

You're not logged in!

Compare scores with friends on all Sporcle quizzes.
OR
Log In

From the Vault

Finish the Disney Song

by LTH

If you're not singing your answers as you're typing, you're missing out.
Remove Ads.
Support Sporcle.
Get the best of Sporcle when you Go Orange. This ad-free experience offers more features, more stats, and more fun while also helping to support Sporcle. Thank you for becoming a member.

Show Comments

Extras

Created Feb 6, 2011SourceReportNominate
Tags:Quote Quiz, situation

Top Quizzes Today


Score Distribution

Your Account Isn't Verified!

In order to create a playlist on Sporcle, you need to verify the email address you used during registration. Go to your Sporcle Settings to finish the process.

Report this User

Report this user for behavior that violates our Community Guidelines.

Details: